000 00499nam a2200181Ia 4500
005 20250508151457.0
008 008 250505s9999 xx 000 0 hin d
037 _aBooks to be hide in OPAC
040 _aFEDL
_beng
_cFEDL
041 _ahin
_2hin
084 _aFH, GUP/O
_qFEDL
100 _aGupt Manmathnath
_9728268
245 0 _aBangal ki lok kathaye
260 _aDelhi, India
_bAtmaram and Sons
_c1954
300 _a62p.
942 _cHB
_hFH, GUP/O
999 _c1330063
_d1330063